| 000 | 00980nam a22002657a 4500 | ||
|---|---|---|---|
| 999 |
_c63409 _d63409 |
||
| 005 | 20240530110639.0 | ||
| 008 | 171008s2016 ua ak g b 000 0 ara d | ||
| 017 |
_a2015/14333 _bمصر. دار الكتب |
||
| 020 | _a9789777592341 | ||
| 040 |
_aEG-CaGPL _cEG-CaGPL |
||
| 082 | 0 | 4 |
_221 _a302.23 / _bم ف |
| 100 | 0 | _aمحمد مصطفى احمد | |
| 245 | 1 | 0 |
_aفن صناعة الاعلام الحديث / _cمحمد مصطفى احمد |
| 250 | _aط. 1 | ||
| 260 |
_aالاسكندرية : _bمكتبة الوفاء القانونية ، _c2016. |
||
| 300 |
_a599 ص. : _bايض ؛ _c24 سم. |
||
| 504 | _aيشتمل على ارجاعات ببليوجرافية | ||
| 650 | 0 | 7 |
_2qrmak _aوسائل الاعلام |
| 650 | 0 | 7 |
_2qrmak _aالوعى الاجتماعى |
| 650 | 0 | 7 |
_2qrmak _aالراى العام |
| 650 | 0 | 7 |
_2qrmak _aالاتصال |
| 650 | 0 | 7 |
_2qrmak _aقياس الراى العام |
| 942 |
_2ddc _cBK |
||